Preguntas de Europa 1 - Estadísticas

Estadísticas generales
  • Esta prueba ha sido intentada 110 veces
  • La puntuación promedio es 16 de 16
Estadísticas de respuestas
Pregunta Respuesta % Correcto
Capital de España Madrid
100%
La capital de Italia Roma
100%
Completa el País: Lux_______ emburgo
99%
Capital de Reino Unido Londres
99%
Completa el País: Polo___ nia
99%
Capital de Francia Paris
99%
Completa el País: Por_____ tugal
99%
Completa el País: Cro____ acia
98%
Microestado que tiene Fronteras con Francia y España Andorra
98%
Completa el País: Republica _____ checa
98%
Completa el País: Gre___ cia
98%
Completa el País: Let____ onia
98%
Capital de Rusia Moscu
97%
Completa el País: Ko____ sovo
96%
Completa el País: San ______ Marino
95%
Capital de Belgica Bruselas
92%
No se encontraron pruebas coincidentes
Distribución de puntuación
Porcentaje de gente con cada puntuación
Porcentaje por número respondido
Historial de tus puntuaciones
No has intentado esta prueba.